00551cam a2200157 4500001000400000008003900004010001300043100004900056245009800105250001200203260003100215300004900246504003200295650002100327700004500348630720720s1965 nyuab b 000 0 eng a650119621 aPalmer, R. R.q(Robert Roswell),d1909-2002.12aA history of the modern world /cR. R. Palmer, revised with the collaboration of Joel Colton. a2nd ed. aNew York :bKnopf, c1963. axiv, 996 p, xxxv p. :bill., maps ; c24 cm. aBibliography: p. [931]-996. 0aHistory, Modern.10aColton, Joel G.,d1918- ejoint author.